logo

Marketing Planning 2007-2008 (Record no. 1677)

000 -LEADER
fixed length control field 00544nam a22002057a 4500
003 - CONTROL NUMBER IDENTIFIER
control field SLTCLib
008 - FIXED-LENGTH DATA ELEMENTS--GENERAL INFORMATION
fixed length control field 251125b ce ||||| |||| 00| 0 eng d
020 ## - INTERNATIONAL STANDARD BOOK NUMBER
International Standard Book Number 9780750684040
041 ## - LANGUAGE CODE
Language code of text/sound track or separate title English Language
082 ## - DEWEY DECIMAL CLASSIFICATION NUMBER
Classification number 658.802
Item number BEA
100 ## - MAIN ENTRY--PERSONAL NAME
Personal name Beamish, Karen
9 (RLIN) 3098
245 ## - TITLE STATEMENT
Title Marketing Planning 2007-2008
260 ## - PUBLICATION, DISTRIBUTION, ETC. (IMPRINT)
Place of publication, distribution, etc Amsterdam
Name of publisher, distributor, etc Elsevier
Date of publication, distribution, etc 2007
300 ## - PHYSICAL DESCRIPTION
Extent 402p.
650 #0 - SUBJECT ADDED ENTRY--TOPICAL TERM
9 (RLIN) 713
Topical term or geographic name as entry element Marketing
650 #0 - SUBJECT ADDED ENTRY--TOPICAL TERM
9 (RLIN) 3096
Topical term or geographic name as entry element Planning
700 ## - ADDED ENTRY--PERSONAL NAME
9 (RLIN) 3097
Personal name Ashford, Ruth
942 ## - ADDED ENTRY ELEMENTS (KOHA)
Source of classification or shelving scheme
Koha item type Lending Materials
945 ## - LOCAL PROCESSING INFORMATION (OCLC)
a 3725
b Ishara wickramage
c 3726
d Chamara KANKANAMGE
Holdings
Withdrawn status Lost status Source of classification or shelving scheme Damaged status Not for loan Collection code Permanent Location Current Location Shelving location Date acquired Source of acquisition Full call number Barcode Date last seen Price effective from Koha item type
          Lending collection Library of SLTC Library of SLTC Reference Section 2025-11-25 Donation 658.802 BEV 002810 2025-11-25 2025-11-25 Lending Materials
Ghostwriter

All Rights Reserved, Library of SLTC
Sri Lanka Technological Campus, Ingiriya Road, Padukka, Sri Lanka - Telephone: +, Fax: + -
Email:library@sltc.edu.lk
Designed & Maintained by Nimal Hettiarachchi
Last Updated: 15-April -2018